000 00310nam a2200097Ia 4500
008 171211s9999 xx 000 0 und d
245 _aEncyclopedia of American Indian Contributions to the World
260 _c2003
650 _xEncyclopedia and Dictionary
856 _uhttp://down.ebook777.com/064/0816040524.pdf
999 _c350140
_d350140